000 00632nam a2200241Ia 4500
003 OSt
005 20220924151314.0
006 a|||||r|||| 00| 0
007 ta
008 220923b |||||||| |||| 00| 0 tel d
020 _c30
024 _a337080
037 _cTextual
040 _aARTS
_cARTS
_btel
041 _2tel
_atel
082 _aO35,3NVE4,63, N3
100 _aMurthy Malladi Venkata Krishna
_9223990
245 0 _aJabilimeeda santakam
260 _c1993
650 _aTELUGU FICTION
942 _hO35,3NVE4,63, N3
_cTEXL
_2CC
999 _c466142
_d466142